000 00564nam a2200193 i 4500
001 29305
003 ES-MaACL
005 20230906154017.0
007 t|
008 030121s1959 sp ||||1| spa d
100 1 _aBalzac, Honoré de,
_d1799-1850
_925139
245 1 3 _aEl cura de aldea /
_cHonoré de Balzac.
260 _aBarcelona :
_bMaucci,
_c[1959]
300 _a259 p. ;
_c17 cm.
490 1 _aColección Clásicos del Siglo XIX
830 0 _aColección Clásicos del Siglo XIX
_9181240
852 _aES-MaACL
_jC-16720
_bR.44403
999 _c29305
_d29305